Visualizzazione normale
Vista MARC
- Boulenger, A.
di Personal Name
Records bibliografici associati: 1
001 - CONTROL NUMBER
- control field: 51780
003 - CONTROL NUMBER IDENTIFIER
- control field: IT-RoINE
005 - DATE AND TIME OF LATEST TRANSACTION
- control field: 20180719101649.0
008 - FIXED-LENGTH DATA ELEMENTS
- fixed length control field: 180719|| aca||aabn | a|a d
040 ## - CATALOGING SOURCE
- Original cataloging agency: IT-RoINE
- Transcribing agency: IT-RoINE
100 ## - HEADING--PERSONAL NAME
- Personal name: Boulenger, A.
670 ## - SOURCE DATA FOUND
- Source citation: Work cat.: (IT-RoINE)0: Boulenger, A., Historia de la Iglesia /, 1947.